000 00563nam a2200181Ia 4500
008 240729s9999 xx 000 0 und d
022 _a2042-0196
245 0 _aTherapeutic Advances in Endocrinology and Metabolism
260 _aUnited Kingdom
260 _bSAGE Publishing
650 _a Diseases of the endocrine glands. Clinical endocrinology
650 _a Internal medicine
650 _a Specialties of internal medicine
650 _aMedicine
856 _uhttps://doaj.org/toc/080dde641e5e436da0ddcf350e7cef59
942 _2ddc
942 _cDOAJEJ
999 _c67672
_d67672
945 _a1
_bMadushi Gamage
_c1
_dMadushi Gamage